000 00476nam a2200133Ia 4500
008 100328s9999 xx 000 0 und d
082 _b54637
100 _aनाईक वसंत
245 _aजागतिक क्रिकेटचा इतिहास
260 _bप्रिया
630 _aजागतिक क्रिकेटचा इतिहास
730 _aजागतिक क्रिकेटचा इतिहास
942 _cBOOK
999 _c541352
_d541349